1105 1355 1761 1547 1025 1646 1622 1446 1679 1626 1298 1695 1424 1124 1217 1410 1198 1460 1037 1762 1805 1427 1210 1306 1684 1923 1958 1765 1008 1614 1772 1549 1790 1929 1015 1889 1098 1247 1189 1196 1486 1855 1737 1825 1508 1972 1463 1250 1529 1079 1870 1364 1285 1275 1165 1347 1592 1095 1822 1074 1359 1610 1565 1074 1038 1638 1123 1876 1614 1882 1624 1431 1431 1544 1446 1582 1663 1627 1051 1322 1856 1999 1963 1387 1025 1356 1497 1865 1312 1181 1026 1563 1956 1918 1891 1097 1199 1725 1971 BCNSPRNW ULIB Ver.6.0+V

เปลี่ยนเป็นภาษาไทย

Change to English
 แสดงรายละเอียดบรรณานุกรม
  กลับหน้าหลัก

Brief Record : Get Marc (ISO 2709) : E-mail record : QR code < ปิดหน้าต่าง
LEADER : 00000nam 2200000uu 4500
001    13399112330
003     ULIB
008    110627s||||||||th 000 0 tha d
020    9786160603770
090    นว.^bF111S มปป.
100 0  Fairy
245 00 Sweet lover...แผนการร้ายป่วนหัวใจเธอ/^cFairy
260    กรุงเทพฯ :^bแจ่มใส,^cมปป.
300    177 หน้า
710 1  แจ่มใส
945    ^p139^l0^i030390
995    ทศพร
999 ^a ใช้งานได้ทุกระบบ
รายการนี้ยังไม่มีแท็ก
คุณยังไม่ได้ล็อกอิน คุณสามารถมีกิจกรรมร่วมกับเว็บไซต์ได้ แต่ต้องล็อกอินก่อน ::
  ล็อกอิน

รายการสื่อสารสนเทศ

ลำดับที่ ประเภท เลขเรียก/บาร์โค้ด สถานที่ สถานะ
- ไม่พบข้อมูล -

BibComment


ยังไม่เคยถูกคอมเมนท์

คอมเมนท์ทรัพยากรรายการนี้
  คอมเมนท์: Sweet loverแผนการ..


 Copyright 2026. Bcnsprnw @Library